• 首页
  • 本馆介绍
  • 公告通知
  • 最新文献
  • 馆藏检索
  • 电子资源
  • 读者导购
  • 参考咨询
  • 我的图书馆
  • 登录
  • 详细信息显示
  • 放入我的书架
  • 预约/预借图书
  • 作者相关作品
  • 分类相关作品
  • 丛书相关作品
  • 出版社相关作品

书目信息

  • 表格格式
  • 工作单格式
  • 卡片格式
题名:
我的丈夫溥仪
    
 
作者: 李淑贤 忆述 ;王庆祥 撰著
分册:  
出版信息: 北京   人民日报出版社  2012.10
页数: 406页
开本: 23cm
丛书名:
单 册:
中图分类: K827=72
科图分类:
主题词:
电子资源:
ISBN: 978-7-5115-1181-2
000 00837nam0 2200253 450
001 010050017860
005 20130504093346.04
010    @a978-7-5115-1181-2@dCNY49.80
100    @a20121119d2012 em y0chiy50 ea
101 0  @achi
102    @aCN@b110000
105    @aa z 000yb
106    @ar
200 1  @a我的丈夫溥仪@9wo de zhang fu pu yi@e插图增补本@f李淑贤忆述@g王庆祥撰著
210    @a北京@c人民日报出版社@d2012.10
215    @a406页@d23cm
330    @a本书共分为十章,主要内容包括:新恋;旧影;重逢;交往;病魔;狂风;病逝;版权;名人;尾声。
600  0 @a爱新觉罗·溥仪@f(1909-1967)@x生平事迹
600  0 @a爱新觉罗·溥仪@f(1909-1967)
690    @aK827=72@v5
701  0 @a李淑贤@9li shu xian@4忆述
702  0 @a王庆祥@9wang qing xiang@4撰著
801  0 @aCN@bRENTIAN@c20121119
905    @b542637-41@dK827=72@e125LS@f5
    
    我的丈夫溥仪:插图增补本/李淑贤忆述/王庆祥撰著.-北京:人民日报出版社,2012.10
    406页;23cm
    
    
    ISBN 978-7-5115-1181-2:CNY49.80
    本书共分为十章,主要内容包括:新恋;旧影;重逢;交往;病魔;狂风;病逝;版权;名人;尾声。
●
相关链接 在E读中查询图书 在五车中查询图书 在当当中查询图书 在豆瓣中查询图书


正题名:我的丈夫溥仪     索取号:K827=72/125LS         预约/预借

序号 登录号 条形码 馆藏地/架位号 状态 备注
1 542637   205426378   第二样本阅览室/ [索取号:K827=72/125LS] 在馆    
2 542638   205426387   第二借阅区/ [索取号:K827=72/125LS] 在馆    
3 542639   205426396   第二借阅区/ [索取号:K827=72/125LS] 在馆    
4 542640   205426403   密集书库-史法系/ [索取号:K827=72/125LS] 在馆    
5 542641   205426412   密集书库-史法系/ [索取号:K827=72/125LS] 在馆    
唐山师范学院图书馆 欢迎您!
大连网信软件有限公司© 版权所有